000 00456nam a2200181Ia 4500
008 220216s9999 xx 000 0 und d
100 _aJessy M D
245 0 _aRubberinoppam mattu deerkha kala vilakalum (Malayalam)
260 _bRubber (Malayalam)
_c2013
300 _a13-15
500 _aSource Year: 2013
650 _aCocoa
650 _aIntercropping
650 _aVanila
700 _a
_Joseph Phebe
700 _aGeorge Sherin
942 _cJS
999 _c68228
_d68228